| 000 | 00668nam a2200217Ia 4500 | ||
|---|---|---|---|
| 003 | BUBTL | ||
| 008 | 151213s9999 xx 000 0 und d | ||
| 020 | _a9780070682160 | ||
| 082 | _a658.8342/ H3141c/ 2010 | ||
| 100 | _aHawkins, Del I | ||
| 245 |
_aConsumer Behavior: _cDel I.Hawkins, David L.Mothersbaugh, Amit Mookerjee |
||
| 250 | _a11th | ||
| 260 |
_aNew York _bTata McgrawHill _cc2010 |
||
| 300 |
_a[xxix], 866p . : _bill, Table, Graph ; 25cm. |
||
| 500 | _aIncludes Index. | ||
| 650 | _aMarketing | ||
| 700 | _aDel I.Hawkins, David L.Mothersbaugh, Amit Mookerjee | ||
| 856 |
_k0 _l0 _yDownload |
||
| 942 |
_2ddc _cBK |
||
| 999 |
_c4909 _d4909 |
||